000 00380cam a22001217a 4500
008 180718b1992 xxu||||| |||| 00| 0 eng d
082 _aH503x54 Sh13
100 _aShah, Dhirajlal P.
245 _aThe Powers-of-Attorney Act: Act No.VII of 1882
_cby Dhirajlal P. Shah
260 _aBombay
_bN.M. Tripathi
_c1992
300 _a66p.
650 _aJudicial procedure - Legislation - India
999 _c354814
_d354814